Microeconomics / (Record no. 1631)
[ view plain ]
| 000 -LEADER | |
|---|---|
| fixed length control field | 02391ohm a2200193 n 4500 |
| 020 ## - INTERNATIONAL STANDARD BOOK NUMBER | |
| ISBN | 9780077247164 0077247167 007018335X |
| 022 ## - INTERNATIONAL STANDARD SERIAL NUMBER | |
| ISSN | 9780070183353 |
| 050 ## - CALL NUMBER | |
| Classification number | HB172. |
| Item number | .C67 |
| 100 ## - AUTHOR | |
| Personal name | David C Colander |
| 245 ## - TITLE | |
| Title | Microeconomics / |
| Statement of responsibility, etc | David C Colander . |
| 250 ## - EDITION | |
| Edition statement | 8th ed |
| 260 ## - PUBLICATION INFORMATION | |
| Place of publication | New York : |
| Name of publisher | McGraw-Hill/Irwin, |
| Year of publication | ©2010. |
| 300 ## - DESCRIPTION | |
| Number of Pages | xxxvi, 543, [48] pages : |
| Other physical details | illustrations (chiefly color) ; |
| Dimensions | 26 cm. |
| 440 ## - SERIES | |
| SERIES | McGraw-Hill series in economics. |
| 500 ## - NOTES | |
| General note | Includes index. |
| 505 ## - FORMATTED CONTENTS NOTE | |
| Table of Content | pt. I. Introduction : thinking like an economist --<br/>1. Economics and economic reasoning --<br/>2. The production possibility model, trade, and globalization --<br/>Appendix A. Graphish : the language of graphs --<br/>3. Economic institutions --<br/>Appendix A. The history of economic systems --<br/>4. Supply and demand --<br/>5. Using supply and demand --<br/>6. Thinking like a modern economist --<br/>pt. II. Microeconomics --<br/>section I. The power of traditional economic models --<br/>7. Describing supply and demand : elasticities --<br/>8. Taxation and government intervention --<br/>9. International trade policy, comparative advantage, and outsourcing --<br/>section II. Choice and decision making --<br/>10. The logic of individual choice : the foundation of supply and demand --<br/>Appendix A. Indifference curve analysis --<br/>11. Game theory, strategic decision making, and behavioral economics --<br/>section III. Production and cost analysis --<br/>12. Production and cost analysis I --<br/>13. Production and cost analysis II --<br/>Appendix A. Isocost/Isoquant analysis --<br/>section IV. Market structure --<br/>14. Perfect competition --<br/>15. Monopoly --<br/>Appendix A. The algebra of competitive and monopolistic firms --<br/>16. Monopolistic competition and oligopoly --<br/>Appendix A. Game theory and oligopoly --<br/>section V. Real-world competition --<br/>17. Real-world competition and technology --<br/>18. Antitrust policy and regulation --<br/>section VI. Factor markets --<br/>19. Work and the labor market --<br/>Appendix A. Derived demand --<br/>20. Who gets what? : the distribution of income --<br/>section VII. Applying economic reasoning to policy --<br/>21. Market failure versus government failure --<br/>21W. Politics and economics : the case of agricultural markets --<br/>22. Behavioral economics and modern economic policy --<br/>23. Microeconomic policy, economic reasoning, and beyond. |
| 700 ## - OTHER AUTHORS | |
| Personal name | Colander |
| 942 ## - ADDED ENTRY ELEMENTS (KOHA) | |
| Koha item type | Books |
| Withdrawn status | Lost status | Collection code | Home library | Current library | Shelving location | Date acquired | Full call number | Accession Number | Copy number | Koha item type |
|---|---|---|---|---|---|---|---|---|---|---|
| Reference | Methodist University Library Main | Methodist University Library Main | General Stacks | HB172. .C67 | 2250 | 1 | Books |